000 00594nam a22001577a 4500
003 OSt
005 20151204151608.0
008 151204b xxu||||| |||| 00| 0 eng d
040 _cRUA
082 _aFIS SAR 2003 B186 Or.1
100 _94299
_aSAR, SORIN.
245 _aMangrove threatening and management in kampot province, ការគំរាមគំហែងនិងការគ្រប់គ្រងព្រៃកោងកាងបច្ចុប្បន្ននៅខេត្តកំពត
260 _aPhnom Penh
_bRUA
_c2003
300 _a55p.
_bill.
_c29cm.
942 _2ddc
_cFIS
999 _c4013
_d4013